[Event "Coria del Rio op 8th"]
[Site "Coria del Rio"]
[Date "2002.02.13"]
[Round "1"]
[White "Lopez Jimenez, Miguel A"]
[Black "Komljenovic, Davorin"]
[Result "0-1"]
[WhiteElo "1800"]
[BlackElo "2505"]
[PlyCount "67"]
[EventDate "2002.02.13"]
[EventType "swiss"]
[EventRounds "9"]
[EventCountry "ESP"]
[SourceTitle "CBM 086 Extra"]
[Source "ChessBase"]
[SourceDate "2002.03.14"]
[SourceVersion "1"]
[SourceVersionDate "2002.03.14"]
[SourceQuality "1"]

1. c4 e5 2. d4 exd4 3. Qxd4 Nc6 4. Qe3+ Be7 5. Nc3 Nf6 6. h3 0-0 7. a3 d5 8. cxd5 Nxd5 9. Nxd5 Qxd5 10. Qd2 Qb3 11. Qc3 Nd4 12. Qxb3 Nxb3 13. Ra2 Nxc1 14. Ra1 Nb3 15. Rd1 Bf5 16. e3 Rad8 17. Be2 Bf6 18. Nf3 Bxb2 19. 0-0 Bxa3 20. Nd4 Nxd4 21. exd4 Bb2 22. Bd3 Bxd3 23. Rxd3 Bxd4 24. Rfd1 c5 25. Kf1 a6 26. Ke2 b5 27. f3 b4 28. R1d2 a5 29. Kd1 a4 30. Kc2 Rfe8 31. Rd1 f5 32. R3d2 f4 33. Rb1 Re3 34. Rd3 0-1